000 00844nab a2200253 u 4500
001 18320
003 HDC
007 cr bn ---aaaaa
008 210225c |r|noo 0 a d
040 _aHDC
100 _aBuffery, Vicky,
_eauthor
_917248
245 0 _aParis sees increase in new restaurants with halal cuisine /
_cby Vicky Buffery
260 _aBrunei :
_bBrunei Times PLC,
_c2009
336 _atext
_2rdacontent
337 _acomputer
_2rdamedia
338 _aonline resource
_2rdacarrier
650 _aHalal cuisine
_917249
650 _aRestaurant
_99782
710 _aThe Brunei Times
856 _zRequest full-text at [email protected]
942 _2lcc
942 _cNEWS
942 _kNWSO 009563
999 _c15636
_d15636